000 00859nas a2200265 4500
001 BR7306695
003 BR-BrBNA
005 20231205082620.0
007 ta
008 230509b bl.|||p| |||| 00| 00por d
040 _aBR-BrBNA
_bpor
_cBiblioteca Nacional de Agricultura
041 _a(Pt)
072 _aL50
100 1 _aAriki, J.
100 1 _aKronka, R.N.
111 1 _aEncontro Regional da Sociedade Brasileira para o Progresso da Ciencia
_cJaboticabal, SP (Brazil)
_d6 May 1974
245 1 _aSorgo e corantes comerciais na pigmentacao da pele de frango para abate
_bNota previa
650 _aFRANGO DE CORTE
650 _aSORGO
650 _aPELE
650 _aPIGMENTACAO
773 0 _tCiencia e Cultura (Brazil)
_xISSN 0009-6725
_g(Oct 1975), v. 27(10) p. 1146
_wBR7306695
909 _a202311
_bLúcia
_c55
_dLúcia Elande
942 _2AGRIS
_n0
_cANA
999 _c93250
_d93250